000 01256nam a2200313 4500
001 0000013280
003 CO-CtgCURN
005 20250429224119.0
007 ta
008 160627s2007 000 0 eng d
020 _a9788471125224
040 _aCO-CtgCURN
_bspa
_ccoctgcurn
082 0 _a378.125
_bB246
100 1 _aBarkley, Elizabeth F.
245 1 0 _aTecnicas de aprendizaje colaborativo :
_bmanual para el profesorado universitario /
_cElizabeth F. Barkley, Patricia Croos y Claire Howell Major.
260 _aMadrid :
_bEdiciones Morata,
_c2007.
300 _a234 p.
336 _2rdacontent
337 _2rdamedia
_asin mediacion
_bn
338 _2rdacarrier
_avolumen
_bnc
490 1 _aPedagogia. Proyectos curriculares
504 _aBibliografia (p.221-225 )
505 8 _aArgumentos a favor del aprendizaje colaborativo.--Implementacion del aprendizaje colaborativo.--Tenicas de aprendizaje colaborativo.--Tecnicas para la enseƱanza reciproca.--Tecnicas centrada en la escrituraPrimera infancia. Religiosidad infantil
650 1 4 _aEducación superior.
700 1 _aManzano, Pablo, tr.
908 _a160627
942 _cBK
_h378.125
_iB246
_2ddc
999 _c39361
_d39361